Trip Advisors Traveler's Choice Asian Destinations - Statistics

General Stats
  • This quiz has been taken 200 times
    73 since last reset
  • The average score is 12 of 25
Answer Stats
Rank Type Destination % Correct
16 City Tokyo
100%
4 City Bangkok
96%
10 City Beijing
96%
24 City Seoul
91%
17 City Shanghai
90%
18 City Singapore
88%
6 City Hong Kong
87%
20 City Mumbai
76%
2 City Hanoi
75%
25 City Taipei
75%
13 City Ho Chi Minh City
65%
5 City Kathmandu
46%
1 City Siem Reap
44%
19 City Phnom Penh
43%
11 City Chiang Mai
31%
15 City New Delhi
26%
21 City Pattaya
24%
8 City Denpasar
22%
7 City Hoi An
21%
3 Villages Ubud
12%
12 City Jaipur
10%
14 City Hue
7%
22 Fortress Jaisalmer
1%
23 Ancient Town Lijiang
1%
9 Beach Resort Seminyak
0%
No matching quizzes found
Score Distribution
Percent of People with Each Score
Percentile by Number Answered
Your Score History
You have not taken this quiz since the last reset